000 01432nam2a22002531 4500
001 RU\NLR\INFOCOMM22\5000003783
005 20250617011508.0
035 _a(NLR Aleph) 002337586
090 _a4472837
_c4472837
100 _a20050218d1978 |||y0rusy50 ca
101 0 _arus
102 _aRU
105 _ay ||||000|y
200 1 _aО некоторых особенностях внешнеторговых операций Японии в области рыбного хозяйства
_fА.М. Судзуки
210 _d1978
_aБ. м.
461 0 _1001RU\NLR\INFOCOMM22\5000003367
_12001#$aРыбное хозяйство$iСерия "Экономические и международно-правовые вопросы мирового рыболовства"$eОбзор. информ.$fЦНИИ информ. и техн.-экон. исслед. рыб. хоз-ва$v1978, Вып.9
_94472775
_cМ.
_d1969-
_fЦНИИ информ. и техн.-экон. исслед. рыб. хоз-ва
_iСерия "Экономические и международно-правовые вопросы мирового рыболовства"
_oОбзор. информ.
_tРыбное хозяйство
_x0203-1051
_v1978, Вып.9
700 1 _aСудзуки
_bА.М.
_4070
801 1 _aRU
_bInfoComm
_c20050218
801 0 _aRU
_bNLR
_gPSBO
852 _aNLR
_jП52/239
942 _cISSUE
980 _aNB
980 _aRUSPER